| 000 | 00541nam a2200217Ia 4500 | ||
|---|---|---|---|
| 005 | 20210401113023.0 | ||
| 008 | 131103s9999 xx 000 0 und d | ||
| 040 | _aLoreto College | ||
| 041 | _aEnglish | ||
| 082 |
_a824.3 _bBAC-SEL |
||
| 245 |
_aBacon's essays _cEdited by F,G.Selby |
||
| 260 |
_aLondon _bMacmillan _c1965 |
||
| 300 | _a300p. | ||
| 504 | _aIncludes index | ||
| 630 | _aEnglish essays | ||
| 650 | _aBacon-ciriticism | ||
| 651 | _aEnglish literature | ||
| 700 |
_aSelby, F,G _4ed. |
||
| 850 | _aLCLIB | ||
| 942 | _cBK | ||
| 999 |
_c22754 _d73233 |
||